00637nam a2200193Ia 4500008004100000020001800041082001500059100001800074245003500092250000900127260004200136300002300178500001900201600003300220650001600253942000700269952015000276999001700426240925s9999 xx 000 0 und d a9788126556403 a515.15 ANT aAnton, Howard 0aCalculus: Late Transcendentals a10th aNew Delhi:bJohn Wiley & Sonsc,2016. a856p.b0fOriginal aIncludes Index aHumanities & Natural Science aMathematics cBK 001040708ETaUITUbUITUd2017-05-08eBook World Internationalg1677.17l2o515.15 ANTpQ11481r2026-01-15 09:37:21s2026-01-14w2024-09-25yBK c13980d13980